000
00320nam a2200133Ia 4500
008
100328s9999 xx 000 0 und d
082
_b
46702
100
_a
नऱ्हे शंकर
245
_a
भास
260
_b
चंद्रमौळी
630
_a
भास
730
_a
भास
942
_c
BOOK
999
_c
534632
_d
534629